|
|
|
|
| LEADER |
00917nam a2200337 4500 |
| 001 |
DLU090065720 |
| 005 |
##20090416 |
| 040 |
# |
# |
|a DLU
|b vie
|
| 041 |
# |
# |
|a vie
|
| 044 |
# |
# |
|a vn
|
| 082 |
# |
# |
|a 572.86
|b NG-L
|
| 100 |
# |
# |
|a Nguyễn Hoàng Lộc,
|c PGS.TS.
|
| 245 |
# |
# |
|a Giáo trình công nghệ DNA tái tổ hợp /
|c Nguyễn Hoàng Lộc, Lê Việt Dũng, Trần Quốc Dung.
|
| 260 |
# |
# |
|a Tp. HCM :
|b Đại học Quốc gia,
|c 2009.
|
| 300 |
# |
# |
|a 257 tr. :
|b minh hoạ ;
|c 24 cm.
|
| 504 |
# |
# |
|a Tài liệu tham khảo: tr. 257
|
| 653 |
# |
# |
|a Giáo trình
|
| 653 |
# |
# |
|a Kỹ thuật gen
|
| 700 |
# |
# |
|a Lê Việt Dũng,
|c TS.
|
| 700 |
# |
# |
|a Trần Quốc Dung,
|c TS.
|
| 923 |
# |
# |
|a 23/2008
|
| 991 |
# |
# |
|a GT
|
| 992 |
# |
# |
|a 55000
|
| 994 |
# |
# |
|a DLU
|
| 900 |
# |
# |
|a True
|
| 911 |
# |
# |
|a Đào Thị Thu Huyền
|
| 925 |
# |
# |
|a G
|
| 926 |
# |
# |
|a A
|
| 927 |
# |
# |
|a SH
|
| 980 |
# |
# |
|a Thư viện Trường Đại học Đà Lạt
|